[Event "Euwe intern"]
[Site "Amsterdam"]
[Date "2003.09.25"]
[Round "4"]
[White "Blanchard, Jack"]
[Black "Witt, Rob"]
[Result "1-0"]
[WhiteElo "2160"]
[BlackElo "2266"]
[Annotator "Witt,Rob"]
[PlyCount "81"]

1. d4 d5 2. c3 $1 {Een lichte verbetering t.o.v. onze partij vorig seizoen.
Toen speelde Jacky 2.e3 waarna ik vervolgde met 2...g6 en wit kwam de
problemen niet meer te boven.} c6 3. Qc2 g6 4. Bf4 Bf5 5. Qb3 Qb6 6. Nd2 Nd7 {
Zwart heeft nu de extra zet g6 gewonnen, maar veel stelt dat niet voor. Ik
betrapte mezelf erop dat ik me hier afvroeg of thuis blijven en naarFeijenoord
kijken niet een betere optie was geweest. Ik verdrong die gedachte weer snel
want de partijen tegen Jacky worden altijd interessant, alleen duurt dat een
tijdje.} 7. e3 Bg7 8. Ngf3 Ngf6 9. h3 h6 10. Be2 g5 11. Bh2 Ne4 12. Nxe4 Bxe4
13. O-O O-O 14. Nd2 Bh7 15. f4 f5 {A tempo gespeeld omdat ik die gepland had.
Toch is het misschien niet de beste.} (15... gxf4 16. exf4 ({Ik liet dit
eigenlijk na wegens} 16. Bxf4 {maar na} Qxb3 17. axb3 e5 18. Bg3 Rfe8 {staat
zwart toch wel lekker.}) 16... c5 17. Qxb6 Nxb6 $1 18. Nb3 (18. dxc5 Na4) 18...
cxd4 19. Nxd4 (19. cxd4 Bc2 $1) 19... Na4 20. Bf3 Nxb2 21. Bxd5 Na4 {lijkt ook
prettig voor zwart.}) 16. Nf3 Bf6 17. c4 e6 18. c5 ({Ik zou hier de voorkeur
geven aan} 18. Qc3 {en wit staat iets beter na bijv.} c5 19. cxd5 exd5 20. Ne5)
18... Qxb3 19. axb3 a6 20. g3 {Ziet er wat merkwaardig uit, maar Wit wil zijn
paard omspelen naar a5.} Be7 {Gericht tegen de manoeuvre Ta1-a4-b4 waarna
b7-b5 volgt. In aanmerking kwam echter} (20... g4 {wat ik verworpen had wegens}
21. hxg4 (21. Ne5 Nxe5 22. dxe5 (22. fxe5 Bg5 23. Kf2 gxh3 24. Rh1 Rfb8 $15)
22... Be7 23. b4 gxh3 {gevolgd door Tfb8 met iets beter spel voor zwart.})
21... fxg4 22. Ne5 Nxe5 ({Ook mogelijk is} 22... Bxe5 23. fxe5 h5 {met gelijke
kansen.}) 23. dxe5 Be7 24. Bxg4 {maar na} Bf5 $1 25. Bxf5 exf5 26. b4 {heeft
zwart ruime compensatie voor de pion.}) 21. b4 $6 Kh8 $6 ({Opnieuw sterk in
aanmerking kwam} 21... g4 22. Ne5 (22. hxg4 fxg4 23. Ne5 Nxe5 24. dxe5 h5 $15)
22... Nxe5 23. fxe5 (23. dxe5 gxh3 24. Kf2 Rfb8 $17) 23... gxh3 $15) 22. Nd2
Rae8 $6 {Over deze zet was ik meteen zeer ontevreden. Ik wilde Ld8 spelen maar
door de ongedekte Ta8 kan wit dan b5 doorzetten. Dat hele idee met Ld8 is
echter nergens voor nodig. Beter was dan ook} (22... Rg8 23. Nb3 gxf4 {Deze
zet had ik ook in de partj ergens moeten doen om te voorkomen dat wit met fxg5
en g4 zijn slechte loper bevrijdt.} 24. exf4 Nf6 25. Na5 Ne4 {en wit heeft
lichte problemen.}) 23. Nb3 Bd8 $2 {Slecht plan dus.} 24. Kf2 $6 ({Ik had
eerder iets verwacht als} 24. b5 cxb5 25. c6 bxc6 26. Rxa6 {maar dit blijkt
tegen te vallen na bijv.} gxf4 27. gxf4 (27. Rxc6 fxe3 28. Bxb5 Bg5 29. Rc3 (
29. h4 Rb8 $1) 29... Re7) (27. exf4 Bb6) 27... Rg8+ 28. Kh1 Bb6) ({Het beste
was gewoon het voor de hand liggende} 24. Na5 Bxa5 25. bxa5 Nf6 26. g4 {
met beter spel voor wit, bijv.} Kg7 27. Ra3 Ne4 28. Rb3 Re7 29. Rb6 {en zwart
kan alleen maar afwachten of wit er door komt met een goed getimed b2-b4-b5.})
24... Nf6 25. Bxa6 $2 {Met nog 13' op de klok besluit wit tot dit speculatieve
offer. Het is niet correct, zoals Jacky direct na de partij al vermoedde, maar
ik pak het zeer onhandig aan.} bxa6 26. Rxa6 Rf7 $6 {Ik had hie r nog 25' maar
gebruikte slechts 1' voor deze belangrijke beslissing. Ik moet bekennen dat ik
hier en ook direct na afloop dacht dat het offer volkomen correct was. Na de
partij keken we een tijdje naar de zet met de andere toren, zodat in sommige
varianten veld e8 vrijkomt voor de loper.} (26... Re7 {Als wit nu voortzet als
in de partij} 27. Rfa1 ({Beter is} 27. Na5 Bxa5 28. bxa5 Rc8 29. Ra1 g4 {
maar ook hier heeft wit onvoldoende compensatie voor het stuk.}) 27... Rb7 28.
R1a4 {dan kan wit pion c6 niet winnen wegens} Bg6 $17) ({Het beste was echter} 
26... Ne4+ 27. Kg2 (27. Ke2 gxf4 28. gxf4 Rg8 29. Rg1 Rxg1 30. Bxg1 Rg8 31. Kf1
Bg6 $1 $17) 27... Bf6 28. Na5 Ra8) 27. Rfa1 $6 ({Beter was} 27. Na5 Bxa5 28.
bxa5 Rc8 29. Ke2 g4 30. h4 Rb7 31. Rb6 Ra7 32. b4 Nd7 33. Bg1 Kg7 34. Ra1 {
en misschien kan wit dit houden ondanks een toren minder. Bijv.} Nxb6 $6 35.
cxb6 Ra6 36. Rc1 {is al lastig.}) 27... Rb7 28. R1a4 {En hier dacht ik wel 7'
na, maar ik kon de stelling toch niet doorgronden. Met name heb ik niet gezien
dat wit soms zijn slechte loper kan bevrijden met fxg5 en g4.} Bg8 ({Sterker
en vooral veiliger was} 28... g4 29. h4 Ne4+ 30. Ke2 Kg7 31. Rxc6 Bg6) 29. Rxc6
Bc7 $2 (29... g4 $1) 30. Nd2 (30. Na5 {bood misschien nog voldoende
tegenkansen.} Bxa5 31. bxa5 Rxb2+ 32. Kg1 g4 33. h4 Rb7 $5 ({Riskant lijkt} 
33... Ne4 34. Rb6 Rc2 35. a6)) 30... Reb8 $2 {weer snel gespeeld, hoewel ik
nog 15' had.} (30... gxf4 31. exf4 Rc8 {en zwart brengt zijn koning naar d7.} (
31... Reb8 32. g4 $5 fxg4 33. Rxc7 $1 Rxc7 34. f5)) 31. b5 $2 ({Met nog 10'
vindt Jacky na 2' nadenken niet het ijzersterke} 31. Rxc7 $1 Rxc7 32. g4 Rcc8 {
Ik zie geen betere} 33. fxg5 hxg5 34. Bxb8 Rxb8 35. Kg3 {en ik zie niet hoe
zwart zich kan verdedigen tegen de vrijpionnen. Bijv.} (35. c6 $5 fxg4 36. hxg4
Nxg4+ 37. Kf3 Nf6 38. Ra7 Ne8 39. b3 {kan misschien ook.}) 35... Kg7 36. Ra7+
Kg6 37. c6 Ne8 38. Nf3 Rxb4 39. Ne5+ Kf6 40. Rb7 $18) 31... Rxb5 32. Rxc7 $2 (
32. b4 {was nog relatief het beste.}) 32... Rxb2 33. Ke1 Rc2 $4 ({
Verschrikkelijk. Na het niet zo moeilijk te vinden} 33... Ne4 $1 {is wit
weerloos. Het taaiste is dan nog} 34. Nxe4 fxe4 35. Bg1 (35. c6 Rb1+ 36. Kd2
R8b2+ 37. Kc3 Rb3+ 38. Kc2 R1b2+ 39. Kd1 Rxh2) 35... Rb1+ 36. Kd2 Rxg1 37. Ra3
Rb2+ 38. Kc3 Rgg2 39. Rb3 Rxb3+ 40. Kxb3 Rxg3 41. Kc2 Rxe3 42. fxg5 hxg5 43. c6
Rd3 44. Rd7 Rxd4 45. c7 Rc4+ 46. Kd2 {en wit is uitgepraat.}) ({Minder goed was
} 33... gxf4 $2 34. g4 $1 fxe3 35. Be5 exd2+ 36. Kd1 Rb1+ 37. Kxd2 R8b2+ {
met remise.}) 34. fxg5 $1 {Dit had ik nog wel gezien} Ne4 {Ik dacht dat dit
won.} ({Het enige was nog} 34... Rc1+ 35. Ke2 Rh1 36. gxf6 Rxh2+ 37. Kf3 (37.
Kd3 $2 Rb2 $11) 37... Rxd2 38. f7 Bh7 39. Ra6 Rf8 40. Rxe6 Kg7 41. Rd6 {
maar dat zal op den duur ook verliezen.}) 35. g4 $1 $18 {Totaal overzien. De
droevige loper op h2 beslist plotseling de partij.} Rb1+ {Opgeven kon ook.} 36.
Nxb1 Rxh2 37. gxh6 Rh1+ 38. Ke2 Rxb1 39. Ra8 Rb2+ 40. Ke1 Ng5 41. Rg7 {en ik
feliciteerde Jacky.} 1-0

[Event "Euwe-Groningen"]
[Site "Amsterdam"]
[Date "2003.09.27"]
[Round "1"]
[White "Visser, Yge"]
[Black "Witt, Rob"]
[Result "1-0"]
[WhiteElo "2444"]
[BlackElo "2266"]
[Annotator "Witt,Rob"]
[PlyCount "45"]

{Voor de eerste knsb-wedstrijd van het seizoen tegen het sterke Groningen had
ik me maar eens voorbereid. Enerzijds door intern te spelen (niet al te best)
en anderzijds door wat partijen van Yge Visser te bestuderen. Ik ging er
vanuit dat Tiviakov niet mee zou doen. Tegen mijn normale openingen Frans en
Siciliaans speelt hij altijd opstellingen met d3. Dat is theoretisch niet
gevaarlijk maar je kunt er gemakkelijk IM mee worden zoals ook Karel vd Weide
heeft aangetoond. Het viel me verder op dat hij nauwelijks tegen de Caro Kann
speelt en dan meestal iets ongebruikelijks doet met Lc4. Omdat ik onlangs in
een korte mailwisseling met Arna Moll had geconstateerd dat ik tegen 1.e4 in
mijn leven werkelijk alles heb gespeeld behalve de Caro Kann, besloot ik dit
maar eens voor te bereiden. Ik moet zeggen dat de recente successen van Merijn
van Delft met deze opening ook een bron van inspiratie vormden.} 1. e4 c6 2. d4
d5 3. Nd2 dxe4 4. Nxe4 Bf5 5. Ng3 Bg6 6. h4 {Wat is dat nou? Geen opstellingen
met Lc4 en korte rokade. Hij gaat de hoofdvariant spelen. Gelukkig had ik daar
ook op gestudeerd.} h6 7. Nf3 Nf6 8. h5 {Pe5 is een belangrijk alternatief.}
Bh7 9. Bd3 Bxd3 10. Qxd3 e6 11. Bf4 {Dat is nou jammer. Ik had me alleen met
11.Ld2 bezig gehouden. Ik had wel ergens gelezen dat het uitstellen van de
ontwikkeling van Pb8 het voordeel had dat je 11.Lf4 goed kon beantwoorden met
Ld6, maar er verder geen partijen mee gezien. het bleek achteraf dat Yge
onlangs in Tilburg Exact nog 11.Ld2 gespeeld had tegen Fridman en verloren.}
Bd6 12. Ne5 (12. Bxd6 {is ook veel gespeeld, maar ik maakte me meer zorgen om})
(12. Be5 {Wat kan zwar t nu het beste doen, ruilen op e5 of terug naar e7
waarna de loper op e5 dit veld aan het paard ontneemt. Ik vond achteraf een
partij van Dreev (zeer betrouwbaar op openingsgebied!) die koos voor ruilen op
e5 en het werd snel remise na} Bxe5 13. dxe5 Qxd3 14. cxd3 Nfd7 15. Ne4 c5 16.
Nd6+ ({Sterker lijkt me} 16. Rc1 $5 Nc6 (16... b6 $6 17. d4 Nc6 18. dxc5 bxc5
19. Nxc5 Ncxe5 20. Nxe5 Nxe5 21. Rh4 Ke7 22. Re4 {en wit heeft misschien wel
iets.}) 17. Nxc5 Nb4 18. Ke2 Nxa2 19. Ra1 Nxc5 20. Rxa2 Ke7 21. Rc1 Rhc8 22.
Nd4 a6 23. f4 {en zwart heeft nog geen gelijk spel.}) 16... Ke7 17. Nxb7 Nc6
18. O-O) 12... Qc7 {Dit blijkt de meest gebruikelijke zet te zijn.} ({Ik keek
ook even naar} 12... Qa5+ 13. Bd2 ({gebruikelijk is} 13. c3) 13... Qd5 {
Veel beter is terug naar c7. Als ik dat gezien had, had ik wellicht voor Da5+
gekozen.} 14. c4 Qxg2 15. O-O-O {en dit gaat mis voor zwart.}) (12... O-O 13.
O-O-O Nbd7 {wordt ook wel eens gespeeld en ziet er niet slecht uit.}) 13. Ne4
Nxe4 14. Qxe4 Nd7 15. O-O-O c5 $6 {Na een kwartiertje nadenken (staren c.q.
suffen) produceer ik dit dubieuze nieuwtje. Na de partij dachten we zelfs dat
het geforceerd verloor en op mijn notatiebiljet had ik twee vraagtekens bij
deze zet gezet. Zo erg is het echter niet.} ({Gebruikelijk is} 15... O-O-O 16.
Bg3 Nxe5 17. dxe5 Bc5 18. Qg4 Rhg8 {wat meestal in remise eindigt. Ik had me
vooraf echter voorgenomen iets met korte rokade te spelen en mijn hersens zijn
inmiddels zo versteend dat ik zo'n zware psychologische switch niet meer kan
maken.}) 16. Kb1 $1 {Deze zet had ik wel verwacht maar de kracht ervan had ik
onderschat.} Nf6 ({Ik keek ook naar} 16... Rd8 {maar} 17. Nxd7 Rxd7 18. Be3
cxd4 19. Rxd4 O-O 20. g4 {leek me gevaarlijk voor zwart. Dat blijkt echter mee
te vallen na bijv.} Rfd8 21. g5 Bc5 $1 22. Rxd7 Qxd7 23. gxh6 Bxe3 24. Qxe3
Qd1+ {waarbij ik het eventuele pionneneindspel voor het gemak maar op remise
taxeer.}) 17. Qe2 Nd5 $2 {Dit verliest direct, zoals ik me pas na wit's
volgende realiseerde. Zwart had een goed alternatief dat Yge verwacht had maar
ook als zeer goed voor wit getaxeerd had. Het gaat om het positionele} (17...
c4 $1 {Als dit werkt, dan is mijn nieuwtje totaal niet dubieus en
magzelfsinteressant genoemd worden.} 18. d5 $5 {En verder hadden beide spelers
eigenlijk niet gekeken. Ook in de analyse achteraf hadden we hier geen enkele
aandacht aan besteed anders dan dat op c4 natuurlijk d5! volgt. Het valt
echter allemaal reuze mee voor zwart.} (18. Ng6 Bxf4 19. Nxh8 O-O-O 20. g3 Bd6
21. Nxf7 Qxf7 22. Qxc4+ Bc7 {is onduidelijk en dus speelbaar voor beide
partijen.}) (18. Bg3 {komt echter wel in aanmerking, maar dat had Yge Visser
natuurlijk nooit gedaan.}) 18... O-O 19. dxe6 Rae8 $1 20. Ng6 Bxf4 21. Nxf4 c3
22. b3 fxe6 23. Rh4 Qa5 24. Nd3 Qg5 25. g3 e5 {en zwart is OK. Wit zal wel
ergens sterker kunnen spelen, maar ik zie niet zo gauw iets wat wit duidelijk
voordeel geeft. Zo had het dus moeten gaan in mijn eerste Caro Kann.}) 18. dxc5
$1 {Winnend.} Qxc5 {Dit had ik dus gepland toen ik tot c6-c5 besloot.} (18...
Bxe5 19. Bxe5 Qxc5 20. Bxg7 Rg8 21. Qe5 {is ook hopeloos.}) 19. Rxd5 $1 {
Die had ik dus in de vooruitberekening gemist. Zwart kan opgeven, maar ik
wilde nog even voorbij de 20e zet.} Qxd5 20. Rd1 Qc5 21. Rxd6 Qxd6 22. Qb5+ Ke7
23. Qxb7+ {En zwart geeft op. Dat was geen best debuut met de Caro Kann.
Misschien moet ik maar een stoomcursus bij Merijn volgen.} 1-0

[Event "Euwe intern"]
[Site "Amsterdam"]
[Date "2003.10.23"]
[Round "8"]
[White "Hofman, Ron"]
[Black "Witt, Rob"]
[Result "1-0"]
[WhiteElo "2113"]
[BlackElo "2266"]
[Annotator "Witt,Rob"]
[PlyCount "75"]

{Weer een schwindelpartij van mijn kant. Ik beweer al jaren dat je zelden in
de opening verliest, maar het is me nu binnen een maand 2x overkomen. Eerst in
de knsb-partij tegen Yge Visser en nu tegen Ron Hofman dachten we na afloop
ook dat ik binnen 15 zetten verloren stond. Dat valt achteraf misschien mee.} 
1. e4 e6 2. d4 d5 3. Nc3 Bb4 4. e5 c5 {Vandaag geen Ivkov-Matulovicsysteem
ingeluid door Pe7 en b6. Je weet nooit wat de ijverige schaakstudent Ron
allemaal heeft klaarliggen.} 5. Nf3 {Het systeem wat Ron wil spelen wordt
meestal ingeluid met 5.dc5.} Ne7 {Volgens Ron had zwart kunnen profiteren van
wit's 5e zet met} (5... cxd4 {Ik denk echter dat het alleen een kwestie van
smaak is. Na bijv.} 6. Qxd4 Nc6 7. Bb5 Qa5 8. Bd2 Nge7 9. Qg4 {kunnen beide
spelers tevreden zijn.}) 6. dxc5 Nbc6 7. Bd3 {Tijdens de partij meende ik me
vaag te herinneren dat dit systeem al lang geleden was weerlegd in een
correspondentiepartij van Estrin. Dat blijkt echter niet deze stelling te zijn,
maar iets soortgelijks met de witte dame op g4.} d4 {De meest principiele zet,
zou Arne zeggen. Toch is het alternatief 7....Pg6 mogelijk beter. Ik zie
tenminste dat een Franse specialist als Farago daar inmiddels de voorkeur aan
geeft.} (7... Ng6 8. O-O Ngxe5 9. Nxe5 Nxe5 10. Bf4 Nxd3 11. Qxd3 O-O 12. Bd6
Re8 13. Nb5 Ba5 14. Bg3) 8. a3 {Ik meende dat de eventuele weerlegging iets te
maken moest hebben met Da5 maar ik kon het niet vinden. Inderdaad is dat heel
goed voor wit:} Ba5 (8... Qa5 9. axb4 Qxa1 10. Nb5 ({De suggestie van Ron} 10.
Ne4 O-O 11. b5 Nb4 12. O-O {is misschien nog sterker.}) 10... O-O 11. O-O {
met gevaarlijke aanvalskansen.}) 9. b4 Nxb4 10. axb4 Bxb4 11. O-O Bxc3 {
Na de partij dachten we dat dxc3 mogelijk beter was omdat de loper op c3 een
beetje buitenspel staat. Lxc3 blijkt echter de gebruikelijke zet.} 12. Rb1 {
Dit blijkt de uitgangsstelling te zijn van deze uit de mode geraakte, maar
mijns inziens gevaarlijke variant. Het is niet duidelijk wat nu zwart's beste
zet is. Ik had wel snel door dat wit iets wilde doen met Pg5 en Dh5. Mijn
eerste gedachte was dan ook 13....h6. Maar ook Ld7 gevolgd door Lc6 leek me
speelbaar en tenslotte keek ik naar zetten als Dc7, Pg6 en Pc6 die pion e5
aanvallen zodat Pg5 verhinderd wordt. Na een kwartiertje koos ik voor de
laatste. En achteraf lees ik in mijn ouwe theorieboek dat dit een interessante
suggestie is die Pg5 verhindert.} Nc6 (12... h6 13. Nd2 {De zet die Ron van
plan was en die mij ook deed afzien van h6. Toch blijkt dit de populairste
variant bij zwartspelers.} Bxd2 14. Bxd2 Bd7 15. Rxb7 Bc6 {Wit heeft
aanvalskan sen tegen de zwarte koning, maar als die overleeft heeft hij de
betere pionnenstruktuur voor het eindspel. Met name de a-pion kan een
belangrijke troef worden.}) 13. Ng5 $1 ({Ik had alleen gerekend op} 13. Qe2 {
waarna ik nog mijn definitieve keus moest maken tussen Dc7 en Dd5.}) 13... Nxe5
{Hier trok ik opnieuw een kwartiertje voor uit, zodat ik inmiddels meer tijd
verbruikt had dan Ron. Een unicum in onze interne?} 14. Qh5 g6 {Er zijn
alternatieven} (14... Qe7 {kost in ieder geval een kwaliteit, bijv.} 15. Nxh7
Nxd3 ({Zelfmoord is} 15... g6 $2 16. Qxe5 Rxh7 17. Bg5 Rh5 18. Bb5+ Bd7 19.
Bxd7+ Qxd7 20. Qg7 $18) 16. Nf6+ gxf6 17. Qxh8+ Qf8 18. Qxf8+ Kxf8 19. cxd3 e5
{en zwart heeft compensatie voor de kwaliteit.}) (14... Qd5 {Ziet er wat
eigenaardig uit en is dat ook waarschijnlijk.} 15. c6 $5 bxc6 16. Be4 {en als
zwart na langdurig vruchteloos gepieker heeft gekozen uit een van zijn vele
damezetten, zal blijken dat wit beter staat.}) (14... Ng6 $5 {een zet waar ik
niet over nagedacht heb, maar mogelijk de beste.} 15. Ne4 (15. Nxh7 Qd5 $1 16.
Qh3 Kd8 17. Bxg6 fxg6 18. Nf6 Rxh3 19. Nxd5 exd5 20. gxh3 Kc7 {en zwart heeft
meer dan voldoende compensatie.}) 15... O-O (15... f5 16. Nd6+ Kf8 17. Ba3 Kg8
18. Nxf5 Nf4 19. Qg4 exf5 20. Qxf4 {en ik vertrouw de zwarte stelling niet,
hoewel ik niks beslissends zie.}) (15... Qh4 {Dit vindt Fritz in eerste
instantie de beste} 16. Qxh4 Nxh4 17. Bb5+ Bd7 18. Nd6+ Ke7 19. Bg5+ f6 20.
Bxh4 $16 {Zwart heeft niet genoeg compensatie voor het stuk.}) 16. Ng5 h6 17.
Nxf7 Rxf7 18. Bxg6 Rf8 19. Be4 Qf6 20. Ba3 Rd8 21. Bxb7 Bxb7 22. Rxb7 a5 {
En dit lijkt me goed speelbaar voor zwart.}) 15. Qh6 Ng4 {Een zet die Ron
merkwaardig genoeg in de vooruitberekening overzien had.} (15... Nxd3 16. cxd3
f6 17. Qg7 Rf8 18. c6 $1) 16. Bb5+ {En deze zet had ik weliswaar niet overzien,
maar geheel verkeerd beoordeeld.} Bd7 (16... Ke7 17. Qh4 f5 18. h3 Nf6 19. Qh6
Qg8 (19... Qf8 20. Bf4) (19... Nh5 20. Bf4) 20. Bf4) 17. Bxd7+ Qxd7 18. Qg7
O-O-O 19. h3 $2 (19. Nxf7 {Winnend! Zo als wij ten onrechte in de analyse
achteraf concludeerden. Deze stelling is overigens ook voorgekomen in een
partij Zelcic-Barsov van vorig jaar. Ook daar kon zwart de problemen niet
oplossen.} Kc7 {De enige zet om de zaak aan de gang te houden.} (19... Qc7 {
Zelcic-Barsov, 2002} 20. Bf4 Qxf4 $2 ({Het enige was} 20... e5 21. Bg5 {
maar ook dit ziet er beroerd uit voor zwart.} Kb8 (21... Rdf8 22. Nd6+) 22.
Bxd8 Rxd8 23. h3) 21. Nd6+ Rxd6 22. Qxb7+ Kd8 23. Qb8+ Kd7 24. Rb7+ $2 (24.
Qxa7+ {wint makkelijk. Bijv.} Ke8 25. Qb8+ Kd7 26. c6+) 24... Kc6 25. Rc7+ Kd5
26. Qb7+ Ke5 27. g3 {En het is zowaar onduidelijk geworden na het juiste} Qe4 (
{Zwart speelde het verliezende} 27... Qd2) 28. f4+ Kf5 29. Rf7+ Nf6 30. Rxf6+
Kxf6 31. Qxe4 Rd5) (19... Kb8 $2 {Dit had Ron verwacht. Maar} 20. c6 {wint
direct.}) 20. Bf4+ Kc6 21. Bd6 (21. Nxd8+ Rxd8 22. Qxd7+ Rxd7 {is eerder beter
voor zwart.}) 21... Kd5 22. Rb5 Qxb5 23. Nxh8 Rd7 24. Qf8 Qe2 25. h3 Ne5 26.
Qe8 Qb5 {en de stelling is hoogst onduidelijk.}) 19... f6 $2 {Berust op een
misrekening.} ({Voor de hand liggend was} 19... Rhg8 $1 20. Qxf7 Ne5 {Met
voordeel voor zwart. Bijv.} 21. Qxe6 $6 ({Beter is} 21. Qf6 Qd5 $15) 21... Qxe6
22. Nxe6 Rd5 $17) 20. Nf7 b6 ({Iets beter maar op den duur ook verliezend was} 
20... Rdf8 21. Nd6+ Kd8 22. Qxd7+ Kxd7 23. Rxb7+ Kc6 24. hxg4 a5 25. Ba3 {enz.}
) ({Ik had vooraf vertrouwd op} 20... Rhg8 {met als pointe} 21. Nd6+ Qxd6 {
waarna alle varianten winnend zijn voor zwart behalve de variant die begint en
eindigt met} 22. Qxb7#) 21. hxg4 Rhf8 22. Nd6+ Kb8 23. Qxd7 Rxd7 {Zwart staat
natuurlijk verloren. Mijn enige hoop was de tijdnood. Na Ron's volgende
mindere zet heeft hij nog 3' en ik 20'.} 24. Nc4 $6 (24. Ne4 Kc7 25. Nxc3 dxc3
26. cxb6+ axb6 27. Be3 $18) 24... Rc8 {Gemist door Ron en hij raakt de draad
nu helemaal kwijt.} 25. Nd6 $6 (25. Ba3 $1 {is nog steeds goed genoeg.} Ka8 $2
26. Rxb6 $1) 25... Rxc5 26. Ne4 Rc6 (26... Ra5 $5) 27. Nxf6 Rf7 28. Bf4+ $6 (
28. g5) 28... Ka8 29. g5 h6 $1 30. gxh6 $2 (30. Be5 hxg5 31. Ne4 {is nog
steeds beter voor wit.}) 30... Rxf6 31. h7 Rf8 32. Be5 d3 $1 {Eindelijk doet
de loper op c3 weer mee aan de partij.} 33. h8=Q $2 (33. Bxc3 Rxc3 34. cxd3 Rh8
35. Rfe1 Rc6 36. Rb5 Rxh7 37. Rbe5 Kb7 38. Rxe6 a5 {en wit kan nog vechten.})
33... Rxh8 34. Bxh8 dxc2 $1 35. Rbc1 (35. Bxc3 cxb1=Q 36. Rxb1 Rxc3 $19) 35...
Bxh8 36. Rfe1 Bb2 37. Rxc2 Rxc2 38. Rxe6 {en de witte vlag viel in inmiddels
hopeloze stelling.} 1-0